000 00528nam a22001937a 4500
003 KOHA_MİRAKIL
005 20251014142726.0
008 251014b tu ||||| |||| 00| 0 tur d
020 _a9789753636709
040 _aTR-AnABB
_btur
_cTR-AnABB
041 _atur
082 _a817.42
_bAYH 2022
100 1 _aAyhan, Ece,
245 1 0 _aMorötesi requiem /
_cEce Ayhan
260 _aİstanbul :
_bYapı Kredi Yayınları ,
_c2022
300 _a100 sayfa ;
_c21 cm
650 0 4 _aTürk edebiyatı, roman
942 _2ddc
_cBK
999 _c9146
_d9146
900 _bGizem YORULMAZ